El mundo del hombre cuaternario

Uloženo v:
Podrobná bibliografie
Hlavní autor: Bordes, Francois (Autor)
Médium: Kniha
Jazyk:španělština
Vydáno: Madrid Guadarrama 1968
Témata:
Tagy: Přidat tag
Žádné tagy, Buďte první, kdo vytvoří štítek k tomuto záznamu!

MARC

LEADER 00000nam a2200000 a 4500
001 UCP7856
003 CL-VaPUC
008 000106e19680000SP |||||||||||||||||spa|d
082 0 4 |a 930.12  |b BOR  |2 21 
100 0 |a Bordes, Francois  |e author  |9 437508 
245 1 3 |a El mundo del hombre cuaternario 
300 |a 256 p 
942 |c BK 
945 |d 20000106 00:00:00  |a rherrera 
260 |a Madrid  |b Guadarrama  |c 1968 
650 0 |a Arqueología   |9 265619 
650 7 |a PALEOLITICO  |2 CL-VaPUC  |9 431728 
650 7 |a DESCUBRIMIENTOS ARQUEOLOGICOS  |2 CL-VaPUC  |9 437509 
651 0 |a África  |9 256790 
651 0 |a Europa  |9 255156 
651 0 |a Asia  |9 268338 
651 0 |a América  |9 255182 
583 |a last modification  |c 20000106 00:00:00  |k Rodrigo Vera 
999 |c 284894  |d 284892 
952 |0 0  |1 0  |4 0  |6 930_120000000000000_BOR_1968  |7 0  |8 A  |9 329195  |a BIBHIS  |b BIBHIS  |d 2019-11-20  |i 1379976  |o 930.12 BOR 1968  |p 1379976  |r 2023-01-25  |w 2019-11-20  |y BK  |k HIS